000 00448nam a2200181Ia 4500
008 240925s9999 xx 000 0 und d
020 _a9781472225306
082 _a338.04 CHA
100 _aChase, Robin
245 0 _aPeers INS
250 _a1st
260 _aLexington:
_bD.C.Heath and Company
_c,2015.
300 _a573p.
_bNA
_fOriginal
500 _aIncludes Index
600 _aSocial Sciences
650 _aSocial Sciences
942 _cBK
999 _c17165
_d17165